Missing Word: 'S' #1s Quiz Stats

 Plays Quiz Updated Jan 20, 2014

Support Sporcle.
Go Orange.
Score 0/20 Timer 03:00
1 Play Today
Single Title 'S' Word % Correct
Killing Me ____ with His SongSoftly
93.8%
____ AliveStayin'
91.6%
(I Can't Get No) ____Satisfaction
91.3%
____ My NameSay
89.1%
I Will ____Survive
85.7%
____ Like YouSomeone
85.1%
The Sound of ____Silence
80.7%
My Life Would ____ Without YouSuck
78%
Thrift ____Shop
74.1%
I'm Too ____Sexy
71%
Single Title 'S' Word % Correct
Aquarius/Let the ____ InSunshine
68.2%
To ____ With LoveSir
59.4%
____ MindsSuspicious
57%
My ____Sharona
54.3%
Hot ____Stuff
53.3%
____ Gets in Your EyesSmoke
51.9%
No ____Scrubs
48.3%
Somethin' ____Stupid
34.3%
One ____ DaySweet
32.5%
I Hear a ____Symphony
24%

Today's Daily Dose

Missing Word
90s UK #1s

Word Ladder
Full Score

Quick Pick
Prime Books

Get the Picture
Big 4 'P' All-Stars

From the Vault

Fallen Phrase

by mg10

What happens when it all falls down.
Remove Ads.
Support Sporcle.
Get the best of Sporcle when you Go Orange. This ad-free experience offers more features, more stats, and more fun while also helping to support Sporcle. Thank you for becoming a member.

Show Comments

Extras

Top Quizzes Today


Score Distribution

Your Account Isn't Verified!

In order to create a playlist on Sporcle, you need to verify the email address you used during registration. Go to your Sporcle Settings to finish the process.

Report this User

Report this user for behavior that violates our Community Guidelines.

Details: